[Event "Kalamata NOK op 2nd"]
[Site "Kalamata"]
[Date "2012.11.25"]
[Round "7.5"]
[White "Kalaitzidis, Anastasios"]
[Black "Andriopoulos, Georgios"]
[Result "1-0"]
[WhiteElo "1725"]
[BlackElo "1660"]
[PlyCount "43"]
[EventDate "2012.10.14"]
[EventType "swiss"]
[EventRounds "7"]
[EventCountry "GRE"]
[SourceTitle "EXT 2024"]
[Source "ChessBase"]
[SourceDate "2023.10.10"]
[SourceVersion "1"]
[SourceVersionDate "2023.10.10"]
[SourceQuality "1"]

1. Nf3 d6 2. g3 g6 3. Bg2 Bg7 4. c4 Nf6 5. 0-0 0-0 6. Nc3 e5 7. d3 Be6 8. Bg5 Nbd7 9. Qd2 c6 10. Bh6 Ng4 11. Bxg7 Kxg7 12. Ng5 Qe7 13. Nxe6+ fxe6 14. Rad1 d5 15. b3 Rad8 16. Qb2 Qf6 17. Bf3 Nh6 18. Bg2 Nf5 19. e3 h5 20. Ne2 Qg5 21. e4 Ne3 22. Qd2 1-0